000 00647nam a2200241 i 4500
001 C2-0102553
003 PPAK
005 20180727100233.0
008 970529s1990 enka|||| ||||| | eng d
020 _a0750008628
040 _aPPAK
_beng
_cPPAK
_erda
082 0 4 _a823
_223
090 0 0 _a823
_bWIL
_dK
100 1 _aWilhelm, Hans,
_eauthor
245 1 2 _aA cool lod like me !
264 1 _aLondon :
_bSimon & Schuster ,
_c1990
300 _a28 pages :
_billustrations ;
_c19 cm
336 _2rdacontent
_atext
337 _2rdamedia
_aunmediated
338 _2rdacarrier
_avolume
650 1 0 _aChildren's stories, English
942 _ddc
_cB
999 _c23948
_d23948